Facets of media law (Record no. 296331)

MARC details
000 -LEADER
fixed length control field 00420nam a2200157Ia 4500
005 - DATE AND TIME OF LATEST TRANSACTION
control field 20250327172349.0
008 - FIXED-LENGTH DATA ELEMENTS--GENERAL INFORMATION
fixed length control field 240404s9999 xx 000 0 und d
020 ## - INTERNATIONAL STANDARD BOOK NUMBER
International Standard Book Number 97893899656282
082 ## - DEWEY DECIMAL CLASSIFICATION NUMBER
Classification number 343.09 DIV;1  R
100 ## - MAIN ENTRY--PERSONAL NAME
Personal name Divan, Madhvi Goradia. Sorabjee, Soli J.
245 #0 - TITLE STATEMENT
Title Facets of media law
250 ## - EDITION STATEMENT
Edition statement 2nd ed.
260 ## - PUBLICATION, DISTRIBUTION, ETC. (IMPRINT)
Date of publication, distribution, etc. 2013
Name of publisher, distributor, etc. Eastern Book Company
Place of publication, distribution, etc. Lucknow
300 ## - PHYSICAL DESCRIPTION
Extent xlviii, 638
942 ## - ADDED ENTRY ELEMENTS (KOHA)
Koha item type Books
Holdings
Date last seen Total Checkouts Full call number Accession number PO number Cost, replacement price Price effective from Category Lost status Source of classification or shelving scheme Damaged status Withdrawn status bill no. bill date Permanent Location Current Location Shelving location Entry date Vendor Cost, normal purchase price Grants Currency symbol Conversion rate Discount Discount type Date checked out
04/04/2024   343.09 DIV;1 R LL3090 NULL 464.10 04/04/2024 Law Books   Dewey Decimal Classification     1518 16/03/2024 Law Library Law Library   22/03/2024 MPP House 595.00 Law RS 1 22 Percentage  
15/11/2024 2 343.09 DIV;2 R1 LL3091 NULL 464.10 04/04/2024 Law Books   Dewey Decimal Classification     1518 16/03/2024 Law Library Law Library   22/03/2024 MPP House 595.00 Law RS 1 22 Percentage 18/10/2024

© For any Suggestions or Query, please contact the library staff @ librarian@pes.edu or Phone: +9180 2672 1983/ 2108.